Widok standardowy
Widok MARC
Pozycja Personal Name
Liczba rekordów, w których użyto hasła: 1
001 - Numer kontrolny
- control field: 40672
003 - Identyfikator numeru kontrolnego
- control field: NUKAT
005 - Data i czas ostatniej modyfikacji
- control field: 20260427133136.0
008 - Dane kontrolne kodowane (40 znaków)
- fixed length control field: 071015n||aaznnbabn |a ana |c
010 ## - Numer kontrolny Biblioteki Kongresu
- numer kontrolny LC: s 2007257695
040 ## - Instytucja sporządzająca rekord
- inst. przygot. dane do rek. khw: WR O/ZW
- język haseł przedmiotowych/tezaurus: kaba
- inst. wprow. rek. khw: WR O/ZW
100 1# - Hasło - nazwa osobowa
- nazwa osobowa w formie ujednoliconej: Ciepliński, Łukasz
- daty biograficzne: (1913-1951)
- określnik rzeczowy: uwięzienie.